| 000 | nam a22 7a 4500 | ||
|---|---|---|---|
| 999 |
_c329697 _d329697 |
||
| 003 | NUST | ||
| 005 | 20170614103442.0 | ||
| 008 | 170518b xxu||||| |||| 00| 0 eng d | ||
| 020 | _a9693517171 | ||
| 040 | _cNUST | ||
| 082 |
_a891.4393 _bHAI |
||
| 100 |
_aHaider, Qurat-ul Ain _91051 |
||
| 245 |
_aRoshani kee raftaar / _cby Qurrat-ul Ain Haider |
||
| 260 |
_aLahore: _bSang-e- Meel Publications, _c2005. |
||
| 300 | _a320 p. | ||
| 500 | _aShort stories | ||
| 546 | _aIn Urdu | ||
| 650 |
_aModern Urdu Literature _91052 |
||
| 880 |
_6100-01\(3\r _aقرۃ العین حیدر |
||
| 880 |
_6245-02\(3\r _aروشنی کی رفتار _cقرۃ العین حیدر |
||
| 880 |
_6260-03\(3\r _aلاہور: _bسنگ میل پبلشرز، _c2005 |
||
| 942 |
_2ddc _cBK |
||